[Event "NATO-ch 22nd"]
[Site "Kaunas"]
[Date "2011.08.11"]
[Round "5"]
[White "Tucker, David Sidney"]
[Black "Lustig, Mickael"]
[Result "1-0"]
[WhiteElo "2096"]
[BlackElo "2019"]
[PlyCount "73"]
[EventDate "2011.08.08"]
[EventType "swiss"]
[EventRounds "7"]
[EventCountry "LTU"]
[SourceTitle "CBM 143 Extra"]
[Source "ChessBase"]
[SourceDate "2011.08.29"]
[SourceVersion "1"]
[SourceVersionDate "2011.08.29"]
[SourceQuality "1"]

1. e4 c5 2. Nf3 d6 3. d4 cxd4 4. Nxd4 Nf6 5. Nc3 a6 6. g3 e5 7. Nb3 Be6 8. Bg2 Be7 9. 0-0 0-0 10. Re1 b5 11. a4 b4 12. Nd5 Nxd5 13. exd5 Bf5 14. a5 Qc7 15. Be4 Bd7 16. Be3 f5 17. Bb6 Qc8 18. Bg2 f4 19. Nd4 Bg4 20. f3 Bd7 21. Qd2 Qe8 22. Ne2 Bb5 23. Qxb4 Bxe2 24. Rxe2 Nd7 25. Ra3 Qg6 26. Rc3 Nc5 27. Bxc5 dxc5 28. Qc4 Bd6 29. g4 Rab8 30. Rb3 Rxb3 31. Qxb3 Rb8 32. Qc4 Rxb2 33. Qxa6 Rb4 34. Qc8+ Kf7 35. a6 Bb8 36. Qd7+ Kf8 37. a7 1-0

[Event "Selestat op 17th"]
[Site "Selestat"]
[Date "2010.02.18"]
[Round "2"]
[White "Lustig, Mickael"]
[Black "Miladinovic, Igor"]
[Result "0-1"]
[WhiteElo "2059"]
[BlackElo "2559"]
[PlyCount "40"]
[EventDate "2010.02.18"]
[EventType "swiss"]
[EventRounds "7"]
[EventCountry "FRA"]
[SourceTitle "EXT 2012"]
[Source "ChessBase"]
[SourceDate "2011.11.24"]
[SourceVersion "1"]
[SourceVersionDate "2011.11.24"]
[SourceQuality "1"]

1. e4 c5 2. Ne2 Nc6 3. Nbc3 e6 4. g3 d5 5. exd5 exd5 6. d4 Bg4 7. Be3 Bf3 8. Rg1 Nge7 9. Bg2 cxd4 10. Bxf3 dxe3 11. fxe3 Qb6 12. Rf1 Qxe3 13. Nxd5 Nxd5 14. Bxd5 0-0-0 15. Rf3 Qe5 16. Rd3 Bc5 17. Qd2 Nb4 18. 0-0-0 Nxd3+ 19. Qxd3 Qe3+ 20. Qxe3 Bxe3+ 0-1

[Event "Oberliga Sued W 0506"]
[Site "Germany"]
[Date "2006.02.19"]
[Round "7.6"]
[White "Otterstaetter, Stefan"]
[Black "Lustig, Mickael"]
[Result "1-0"]
[WhiteElo "2151"]
[BlackElo "1838"]
[PlyCount "77"]
[EventDate "2005.10.23"]
[EventType "team-tourn"]
[EventRounds "9"]
[EventCountry "GER"]
[SourceTitle "EXT 2007"]
[Source "ChessBase"]
[SourceDate "2006.11.23"]
[SourceVersion "1"]
[SourceVersionDate "2006.11.23"]
[SourceQuality "1"]
[WhiteTeam "Ludwigshafen"]
[BlackTeam "Bad Bergzabern"]
[WhiteTeamCountry "GER"]
[BlackTeamCountry "GER"]

1. d4 Nf6 2. c4 g6 3. Nc3 Bg7 4. e4 d6 5. Nf3 0-0 6. Be2 e5 7. 0-0 Nc6 8. d5 Ne7 9. Nd2 a5 10. a3 Nd7 11. Rb1 f5 12. b4 Nf6 13. Qc2 f4 14. c5 axb4 15. axb4 g5 16. Nb5 g4 17. cxd6 cxd6 18. Qc7 Qxc7 19. Nxc7 Ra2 20. Bb2 f3 21. Bc4 Ra4 22. Bxe5 Nxe4 23. Bxg7 Nxd2 24. Bxf8 Kxf8 25. Bb5 Nxb1 26. Bxa4 Nc3 27. Bb3 Bf5 28. Ne6+ Bxe6 29. dxe6 d5 30. gxf3 gxf3 31. Ra1 Nc6 32. Bd1 Ne5 33. Bc2 h5 34. Ra7 d4 35. Rxb7 d3 36. Bxd3 Nxd3 37. Rf7+ Ke8 38. Rxf3 Nf4 39. b5 1-0

[Event "Oberliga Sued W 0506"]
[Site "Germany"]
[Date "2005.12.11"]
[Round "4.7"]
[White "Silber, Gerhard"]
[Black "Lustig, Mickael"]
[Result "1/2-1/2"]
[WhiteElo "2224"]
[BlackElo "1838"]
[PlyCount "80"]
[EventDate "2005.10.23"]
[EventType "team-tourn"]
[EventRounds "9"]
[EventCountry "GER"]
[SourceTitle "EXT 2007"]
[Source "ChessBase"]
[SourceDate "2006.11.23"]
[SourceVersion "1"]
[SourceVersionDate "2006.11.23"]
[SourceQuality "1"]
[WhiteTeam "Landau"]
[BlackTeam "Bad Bergzabern"]
[WhiteTeamCountry "GER"]
[BlackTeamCountry "GER"]

1. d4 Nf6 2. Bg5 d6 3. Nc3 g6 4. Qd2 h6 5. Bf4 Nc6 6. Nf3 Bg7 7. e4 Bg4 8. Be2 Bxf3 9. Bxf3 e5 10. dxe5 dxe5 11. Be3 Qxd2+ 12. Bxd2 0-0-0 13. Be2 Nd4 14. Bd3 Nh5 15. Ne2 Rhe8 16. 0-0-0 Nxe2+ 17. Bxe2 Nf4 18. Bc4 Rd4 19. b3 Red8 20. g3 Ne6 21. f3 Bf8 22. c3 R4d6 23. Kc2 a6 24. a4 R8d7 25. g4 Kd8 26. h4 Be7 27. Bxh6 Rxd1 28. Rxd1 Rxd1 29. Kxd1 Bxh4 30. Bxe6 fxe6 31. Ke2 Ke7 32. Be3 Kd6 33. Kd3 Be7 34. Kc4 Kc6 35. b4 b5+ 36. Kb3 Kd7 37. c4 c6 38. Bd2 g5 39. Bc3 Bf6 40. Bb2 Ke7 1/2-1/2

[Event "Oberliga Sued W 0506"]
[Site "Germany"]
[Date "2005.10.23"]
[Round "1.8"]
[White "Lustig, Mickael"]
[Black "Biegler, Helmut"]
[Result "0-1"]
[WhiteElo "1838"]
[BlackElo "2055"]
[PlyCount "84"]
[EventDate "2005.10.23"]
[EventType "team-tourn"]
[EventRounds "9"]
[EventCountry "GER"]
[SourceTitle "EXT 2007"]
[Source "ChessBase"]
[SourceDate "2006.11.23"]
[SourceVersion "1"]
[SourceVersionDate "2006.11.23"]
[SourceQuality "1"]
[WhiteTeam "Bad Bergzabern"]
[BlackTeam "Illingen"]
[WhiteTeamCountry "GER"]
[BlackTeamCountry "GER"]

1. Nf3 g6 2. g3 Bg7 3. Bg2 e5 4. d3 Ne7 5. 0-0 0-0 6. e4 c6 7. Nbd2 d5 8. Qe2 Nd7 9. Rb1 h6 10. c3 f5 11. b4 dxe4 12. dxe4 f4 13. gxf4 exf4 14. Nd4 Ne5 15. Nc4 Qc7 16. Nxe5 Qxe5 17. Bb2 Qg5 18. f3 Kh7 19. Kh1 c5 20. bxc5 Qxc5 21. Rfd1 b6 22. a4 Bd7 23. Nb3 Qc7 24. Ba3 Bxa4 25. Bd6 Qd7 26. Rd2 Bxb3 27. Rxb3 Qe6 28. Qb5 Rf7 29. Bf1 a6 30. Qc4 Qf6 31. e5 Qf5 32. e6 Rf6 33. Bxe7 Rxe6 34. Ba3 Re1 35. Rf2 b5 36. Qc5 Qh3 37. Kg1 Rae8 38. Rbb2 R8e5 39. Qb6 Rg5+ 40. Rg2 Qxf3 41. Rbf2 Rxg2+ 42. Rxg2 Qxf1# 0-1

[Event "Oberliga Sued W 0405"]
[Site "Germany"]
[Date "2004.10.24"]
[Round "1.8"]
[White "Lustig, Mickael"]
[Black "Wiegel, Ingo"]
[Result "1/2-1/2"]
[WhiteElo "1799"]
[BlackElo "2090"]
[PlyCount "151"]
[EventDate "2004.10.03"]
[EventType "team-tourn"]
[EventRounds "9"]
[EventCountry "GER"]
[SourceTitle "EXT 2009"]
[Source "ChessBase"]
[SourceDate "2008.11.26"]
[SourceVersion "1"]
[SourceVersionDate "2008.11.26"]
[SourceQuality "1"]
[WhiteTeam "Bad Bergzabern"]
[BlackTeam "Koblenz 25"]
[WhiteTeamCountry "GER"]
[BlackTeamCountry "GER"]

1. Nf3 d6 2. g3 e5 3. d3 Be7 4. Bg2 c6 5. c4 Be6 6. 0-0 Qd7 7. Nc3 Na6 8. Be3 f6 9. a3 h5 10. h4 Nh6 11. b4 Nc7 12. b5 cxb5 13. cxb5 d5 14. b6 axb6 15. Bxb6 0-0 16. a4 Bb4 17. Qb3 Na6 18. Na2 d4 19. Qb2 Qxa4 20. Nxb4 Qxb4 21. Qxb4 Nxb4 22. Bc5 Nc2 23. Rac1 Ra2 24. Bxf8 Kxf8 25. Ne1 Nb4 26. Rb1 Nd5 27. Bxd5 Bxd5 28. Rc1 Rxe2 29. Rc8+ Kf7 30. Rc2 Rxc2 31. Nxc2 Nf5 32. Nb4 Bf3 33. Rc1 Ke6 34. Kf1 g5 35. hxg5 fxg5 36. Rc7 h4 37. gxh4 Nxh4 38. Nc2 Bd5 39. Nb4 Bg2+ 40. Kg1 Kf5 41. Rh7 Bf3 42. Kf1 Ng6 43. Rf7+ Kg4 44. Rf6 Nf4 45. Rf7 Be2+ 46. Ke1 Bf3 47. Kd2 Nh3 48. Ke1 Bg2 49. Ke2 Ng1+ 50. Ke1 Nf3+ 51. Ke2 Nh4 52. Ke1 Nf5 53. Rf8 e4 54. dxe4 Bxe4 55. Ke2 Bf3+ 56. Kd3 Kf4 57. Re8 Bg2 58. Kd2 Nd6 59. Rf8+ Ke4 60. Ke2 g4 61. Rd8 Bf3+ 62. Kd2 Nc4+ 63. Kc2 Be2 64. Re8+ Ne5 65. Kd2 Bc4 66. Re7 Ba6 67. Nxa6 bxa6 68. Re8 a5 69. Kc2 a4 70. Ra8 d3+ 71. Kd1 Kf3 72. Rxa4 Nd7 73. Rd4 Nc5 74. Rd5 Ne4 75. Rxd3+ Kxf2 76. Rd8 1/2-1/2